Deprived child and the community (Record no. 1398167)

MARC details
000 -LEADER
fixed length control field 00608nam a2200205Ia 4500
005 - DATE AND TIME OF LATEST TRANSACTION
control field 20250508165920.0
008 - FIXED-LENGTH DATA ELEMENTS--GENERAL INFORMATION
fixed length control field 008 250505s9999 xx 000 0 eng d
020 ## - INTERNATIONAL STANDARD BOOK NUMBER
International Standard Book Number 0-521-39769-3
037 ## - SOURCE OF ACQUISITION
Stock number Textual
040 ## - CATALOGING SOURCE
Original cataloging agency FEDL
Language of cataloging eng
Transcribing agency FEDL
041 ## - LANGUAGE CODE
Language code of text/sound track or separate title eng
Source of code eng
084 ## - COLON CLASSIFICATION NUMBER
Classification number 371.2, FOR
Assigning agency FEDL
100 ## - MAIN ENTRY--PERSONAL NAME
Personal name Ford Donald
245 #0 - TITLE STATEMENT
Title Deprived child and the community
260 ## - PUBLICATION, DISTRIBUTION, ETC.
Place of publication, distribution, etc. London, UK
Name of publisher, distributor, etc. Constable Publishers
Date of publication, distribution, etc. 1955
300 ## - PHYSICAL DESCRIPTION
Extent xii, 226p.
546 ## - LANGUAGE NOTE
Language note Gifted by H.O.D. Namita Ranganathan in memory of Prof. Arvind Gaysu
942 ## - ADDED ENTRY ELEMENTS (KOHA)
Koha item type Textual
Classification part 371.2, FOR
Holdings
Withdrawn status Lost status Damaged status Not for loan Home library Current library Date acquired Total Checkouts Full call number Barcode Date last seen Price effective from Koha item type
        Department of Education Library Department of Education Library 2025-05-08   371.2, FOR EL0091827 2025-05-08 2025-05-08 Textual
Copyright @ Delhi University Library System